Archivmaterialien zu Peter Weiss, 1925-

Gespeichert in:  
Bibliographische Detailangaben
1. VerfasserIn: Weiss, Peter 1925- (Verfasst von)
Medienart: Elektronisch Archivmaterial
Sprache:Deutsch
In:Jahr: 2019
Online-Zugang: Archivdatenbank (Archivportal-D)
Verfügbarkeit prüfen: HBZ Gateway

MARC

LEADER 00000npc a22000002 4500
001 LR1102928038
003 PipeLineGenerated
005 20260508112529.0
008 190606s2019 xx ||||| 00| ||ger c
100 |a Weiss, Peter  |0 (DE-588)1102928038  |0 (DE-627)860507599  |d 1925- 
245 |a Archivmaterialien zu Peter Weiss, 1925- 
856 |u https://www.archivportal-d.de/person/gnd/1102928038  |3 Archivdatenbank (Archivportal-D) 
ELC |a 1